Statistics for Name every Love Live idols !

Click here to take the quiz!

General Stats

  • This quiz has been taken 18 times
    (12 since last reset)
  • The average score is 102 of 119

Answer Stats

Answer% Correct
Ai Miyashita
100%
Ayumu Uehara
100%
Chika Takami
100%
Dia Kurosawa
100%
Eli Ayase
100%
Emma Verde
100%
Hanamaru Kunikida
100%
Hanayo Koizumi
100%
Honoka Kosaka
100%
Kanan Matsuura
100%
Kanata Konoe
100%
Kanon Shibuya
100%
Karin Asaka
100%
Kasumi Nakasu
100%
Keke Tang
100%
Kotori Minami
100%
Lanzhu Zhong
100%
Leah Kazuno
100%
Maki Nishikino
100%
Mari Ohara
100%
Mia Taylor
100%
Nico Yazawa
100%
Nozomi Tojo
100%
Riko Sakurauchi
100%
Rina Tennoji
100%
Rin Hoshizora
100%
Ruby Kurosawa
100%
Ru Tatara
100%
Sarah Kazuno
100%
Setsuna Yuki
100%
Shioriko Mifune
100%
Shizuku Osaka
100%
Umi Sonoda
100%
Yoshiko Tsushima
100%
You Watanabe
100%
Yuu Aizawa
100%
Akemi Kikuchi
89%
Akira Kizaki
89%
Anju Yuki
89%
Chisato Arashi
89%
Coco Miyashita
89%
Erena Todo
89%
Fumie Nishimura
89%
Fumi Shitara
89%
Haruka Konoe
89%
Hime Anyoji
89%
Iruka Suda
89%
Jennifer
89%
Kaho Hinoshita
89%
Kasane Hasekura
89%
Kinako Sakurakoji
89%
Kosuzu Kachimachi
89%
Koyuki Shirase
89%
Kozue Otomune
89%
Leo
89%
Mao Hiiragi
89%
Margarete Wien
89%
Megumi Fujishima
89%
Mei Yoneme
89%
Mikoto Fukuhara
89%
Nanaka Morishima
89%
Natsumi Onitsuka
89%
Ranpha
89%
Rebecca
89%
Ren Hazuki
89%
Rika Kamiya
89%
Sayaka Harukaze
89%
Shiki Wakana
89%
Sumire Heanna
89%
Tomari Onitsuka
89%
Tsubasa Kira
89%
Tsurugi Kadota
89%
Tsuzuri Yugiri
89%
Yukari Saotome
89%
Yuka Tsukishima
89%
Yuna Hijirisawa
89%
Yu Takasaki
89%
Anzu Takizawa
78%
Ayumi Torii
78%
Chizuko Sakamaki
78%
Christina
78%
Fuu Saiki
78%
Ginko Momose
78%
Himeno Ayanokouji
78%
Maria
78%
Marika Ichinose
78%
Minami Nagayama
78%
Mutsuki Takamagahara
78%
Nagi Shiraki
78%
Rakshata
78%
Reine Saeki
78%
Rurino Osawa
78%
Ryou Aikawa
78%
Sachiko Tanaka
78%
Saki Shimozono
78%
Sakura Kurobane
78%
Sakuya Kurobane
78%
Sayaka Murano
78%
Seira Kujou
78%
Shun Kurosaki
78%
Yumi Fujishiro
78%
Yuuka Kirihara
78%
Yuuri Midou
78%
Akiru Shinomiya
67%
Aya Sugisaki
67%
Hitomi Shiga
67%
Isabella
67%
Misaki Shidou
67%
Sana Yuuki
67%
Sayuri Hyodo
67%
Toa Kurusu
67%
Maya Misaka
56%
Misuzu Wakatsuki
56%
Mizuki Kikkawa
56%
Rurika Tsubaki
56%
Hikaru Amakusa
44%
Rena Suzuka
44%
Yuzuha Sumeragi
44%
Yukina Hojo
33%

Score Distribution

Percentile by Number Answered

Percent of People with Each Score

Your Score History

You have not taken this quiz since the last reset